drapeaux de pirate célébre - Statistiques

Statistiques générales
  • Ce quiz a été pris 9 fois
  • Le résultat moyen est 3 sur 10
Statistiques - réponses
Par images Réponse % Correct
edward teach
67%
jack rackam
50%
la buse
50%
charles vane
17%
francis drake
17%
samuel bellamy
17%
steed bonnet
17%
william kidd
17%
bartholomew roberts
0%
benjamin hornigold
0%
Aucun quiz correspondant
Distribution des résultats
% des personnes avec chaque résultat
Percentile par nombre de réponses
Votre historique - résultats
Vous n’avez pas pris ce quiz